1 image = 1 série TV (partie 2) - Statistiques

Statistiques générales
  • Ce quiz a été pris 1 533 fois
  • Le résultat moyen est 11 sur 15
Statistiques - réponses
Par images Réponse % Correct
Lupin
96%
H
93%
Stranger Things
91%
Mercredi
89%
Breaking Bad
81%
Camping Paradis
80%
Peaky Blinders
80%
HPI
77%
The Big Bang Theory
77%
Le jeu de la dame
76%
Dahmer
68%
Chernobyl
48%
La Chronique des Bridgerton
39%
The Last of Us
35%
24 Heures chrono
19%
Aucun quiz correspondant
Distribution des résultats
% des personnes avec chaque résultat
Percentile par nombre de réponses
Votre historique - résultats
Vous n’avez pas pris ce quiz